Vulnerabilidad de la región capital a los efectos del cambio climático : (Registro nro. 19120)

Detalles MARC
000 -CABECERA
Campo de control 01023nam a2200229 a 4500
005 - FECHA Y HORA DE LA ULTIMA TRANSACCION
Campo de control 20161118142231.0
008 - ELEMENTOS DE LONGITUD FIJA—INFORMACION GENERAL
Campo de control 161118s2014 ck abd||r|||| 00| 0 spa d
020 ## - ISBN
ISBN 9789588758978
040 ## - FUENTE DE CATALOGACIÓN
Agencia catalogadora original CO-BoIAVH
Agencia transcriptora CO-BoIAVH
041 0# - IDIOMA
Código de idioma para texto/pista de sonido o título separado Español
044 ## - PAÍS DE PUBLICACIÓN
País de publicación Colombia
090 ## - CLASIFICACIÓN LOCAL
Colección FG-
Consecutivo 0089
245 00 - MENCION DE TITULO
Título Vulnerabilidad de la región capital a los efectos del cambio climático :
Parte restante del título Opciones para la adaptación /
Mención de responsabilidad IDEAM y PNUD
260 ## - PUBLICACION, DISTRIBUCION, ETC. (PIE DE IMPRENTA)
Lugar de publicación, distribución, etc. Bogotá, Colombia :
Nombre del editor, distribuidor, etc. IDEAM :
-- PNUD,
Fecha de publicación, distribución, etc. 2014.
300 ## - DESCRIPCION FISICA
Extensión 20 páginas aproximadamente sin numerar :
Otros detalles físicos ilustraciones a color, mapas, gráficas y tablas ;
Dimensiones 23 x 23 cm.
500 ## - NOTA GENERAL
Nota general Plan Regional Integral de Cambio Climático Región Capital Bogotá - Cundinamarca.
650 26 - ASIENTO SECUNDARIO DE MATERIA - TERMINO TEMATICO
Término temático o nombre geográfico como elemento de entrada Cambio climático
Subdivisión general Riesgo
Subdivisión geográfica Bogotá (Colombia)
9 (RLIN) 77182
650 26 - ASIENTO SECUNDARIO DE MATERIA - TERMINO TEMATICO
Término temático o nombre geográfico como elemento de entrada Biodiversidad
Subdivisión general pérdida
Subdivisión geográfica Bogotá (Colombia)
9 (RLIN) 77183
710 2# - ASIENTO SECUNDARIO - NOMBRE CORPORATIVO
Nombre corporativo o de jurisdicción como elemento de entrada Instituto de Hidrologia, Metereologia y Estudios Ambientales
9 (RLIN) 9279
710 2# - ASIENTO SECUNDARIO - NOMBRE CORPORATIVO
Nombre corporativo o de jurisdicción como elemento de entrada Programa de las Naciones Unidas para el Desarrollo (PNUD)
9 (RLIN) 33922
942 ## - ELEMENTOS ADICIONALES (KOHA)
Sistema de clasificación Local
Tipo de ítem Folleto
Existencias
Withdrawn status Lost status Sistema de Clasificación Damaged status No para préstamo Colección Inventariado Ubicación Permanente Ubicación actual Fecha de adquisición Total Checkouts Número topográfico Inventario / Código de Barras Date last seen Ejemplar Price effective from Forma de adquisición Tipo de material
    Local     Hemeroteca Inventariado 2017 Bogotá Bogotá 18/11/2016   FG-0089 040809 18/11/2016 Ej. 1 18/11/2016 Donación Folleto